Les albums de Ninho- Mort subite - Statistiques

Statistiques générales
  • Ce quiz a été pris 1 691 fois
    154 depuis la dernière actualisation
  • Le résultat moyen est 6 sur 9
Answers on the Grid
Answers color-coded by a green-red scale on the quiz's grid according to % correct below.
GOAT
NI
Jefe
M.I.L.S 3
M.I.L.S 4
Destin
M.I.L.S 2.0
M.I.L.S 2
Comme prévu
M.I.L.S
3 MAI 2025
No love
Ciao
Mamacita
Vrais
Un Poco
Elle m'a eu
Zipette
 
Statistiques - réponses
Réponse % Correct
M.I.L.S
79%
M.I.L.S 3
69%
Destin
67%
M.I.L.S 4
67%
Jefe
64%
M.I.L.S 2.0
61%
Comme prévu
56%
NI
55%
GOAT
49%
Aucun quiz correspondant
Distribution des résultats
% des personnes avec chaque résultat
Percentile par nombre de réponses
Votre historique - résultats
Vous n’avez pas pris ce quiz depuis la dernière actualisation